=LDR 00000nam 2200000 4500 =001 INLIS000000000003631 =005 20220518034045 =035 ##$$a 0010-0222000242 =245 1#$$a Over View Central Processing Plant Gas Field Energy Equity Epic ( Sengkang) PTY.LTD : $b Kuliah Kerja Praktek /$c A. Ummi Hardianti =100 1#$$a HARDIANTI, A. Ummi =250 ##$$a 2015 =300 ##$$a ix, 47 halaman : $b Tabel, gambar ; $c 20,5x28 cm =856 ##$$a OPAC (Rak LKKP T&MI 2015) =260 ##$$a Makassar :$b Politeknik ATI Makassar - Teknik dan Manajemen Industri,$c 2015 =082 ##$$a (R)2015 LKKP-T&MI 818 =084 ##$$a (R)2015 LKKP-T&MI 818 HAR o =008 220518################|##########|#|## =650 #4$$a Laporan Praktek T&MI 2015 =500 ##$$a Energy Equity Epic (Sengkang) Pty.Ltd merupakan salah satu industri yang mengelola gas alam yang berlokasi di Sengkang Sulawesi Selatan yang dimana merupakan operator tunggal untuk gas alam Sengkang sebagai pengelola gas bahan bakar pembangkit tenaga listrik yang dialirkan ke beberapa wilayah Sulawesi. =990 ##$$a 74/LKKP T&MI 2015